It starts with food/ (Record no. 1019)

MARC details
000 -LEADER
fixed length control field 00565nam a2200193 a 4500
005 - DATE AND TIME OF LATEST TRANSACTION
control field 20260322212043.0
008 - FIXED-LENGTH DATA ELEMENTS--GENERAL INFORMATION
fixed length control field data
020 ## - INTERNATIONAL STANDARD BOOK NUMBER
International Standard Book Number 9781628600544
092 ## - LOCALLY ASSIGNED DEWEY CALL NUMBER (OCLC)
Classification number 613.2 Har 2012
001 - CONTROL NUMBER
control field data
100 1# - MAIN ENTRY--PERSONAL NAME
Personal name Hartwig, Dallas
245 10 - TITLE STATEMENT
Title It starts with food/
Statement of responsibility, etc. Dallas Hartwig & Melissa Hartwing.
260 ## - PUBLICATION, DISTRIBUTION, ETC.
Place of publication, distribution, etc. Las Vegas :
Name of publisher, distributor, etc. Victory Belt Pub. ; Enfield : Publishers Group UK [distributor], ;
Date of publication, distribution, etc. 2012.
300 ## - PHYSICAL DESCRIPTION
Extent 320 pages : illustrations (some color) ;
Other physical details 24 cm
650 #0 - SUBJECT ADDED ENTRY--TOPICAL TERM
Topical term or geographic name entry element Nutrition
650 #0 - SUBJECT ADDED ENTRY--TOPICAL TERM
Topical term or geographic name entry element Weight loss
650 #0 - SUBJECT ADDED ENTRY--TOPICAL TERM
Topical term or geographic name entry element Food habits
700 1# - ADDED ENTRY--PERSONAL NAME
Personal name Hartwing, Melissa
Holdings
Withdrawn status Lost status Damaged status Not for loan Home library Current library Shelving location Date acquired Total checkouts Full call number Barcode Date last seen Price effective from Koha item type
        Pleasant Valley Pleasant Valley General stacks 22/03/2026   GEN BC0011053 22/03/2026 22/03/2026 Books